Math advantage. (Record no. 11684)

MARC details
000 -LEADER
fixed length control field 00658nam a22002177i 4500
003 - CONTROL NUMBER IDENTIFIER
control field URS
005 - DATE AND TIME OF LATEST TRANSACTION
control field 20220117094710.0
008 - FIXED-LENGTH DATA ELEMENTS--GENERAL INFORMATION
fixed length control field 181210b ||||| |||| 00| 0 eng d
020 ## - INTERNATIONAL STANDARD BOOK NUMBER
International Standard Book Number 9780153106958
040 ## - CATALOGING SOURCE
Language of cataloging eng
Description conventions rda
Transcribing agency URS
050 00 - LIBRARY OF CONGRESS CALL NUMBER
Classification number QA 154.2
Item number B954 1999
245 10 - TITLE STATEMENT
Title Math advantage.
Remainder of title (green) /
Statement of responsibility, etc. Grace M. Burton.
264 #1 - PRODUCTION, PUBLICATION, DISTRIBUTION, MANUFACTURE, AND COPYRIGHT NOTICE
Place of production, publication, distribution, manufacture United States of America :
Name of producer, publisher, distributor, manufacturer Harcourt Brade and Company,
Date of production, publication, distribution, manufacture, or copyright notice [1999]
264 #4 - PRODUCTION, PUBLICATION, DISTRIBUTION, MANUFACTURE, AND COPYRIGHT NOTICE
Date of production, publication, distribution, manufacture, or copyright notice ©1999
336 ## - CONTENT TYPE
Content type term text
Content type code txt
Source rdacontent
337 ## - MEDIA TYPE
Media type term unmediated
Media type code n
Source rdamedia
338 ## - CARRIER TYPE
Carrier type term volume
Carrier type code nc
Source rdacarrier
300 ## - PHYSICAL DESCRIPTION
Extent xxiii, 521 pages,
Other physical details illustrations
Dimensions 28 cm.
500 ## - GENERAL NOTE
General note Includes references and index.
942 ## - ADDED ENTRY ELEMENTS (KOHA)
Source of classification or shelving scheme Library of Congress Classification
Koha item type Foreign Books
Holdings
Withdrawn status Source of classification or shelving scheme Damaged status Not for loan Collection code Home library Current library Shelving location Date acquired Total Checkouts Full call number Date last seen Price effective from Koha item type
  Library of Congress Classification     Non-fiction Rodriguez College Library Rodriguez College Library Reference 12/10/2018   QA 154.2 B954 1999 12/10/2018 12/10/2018 Foreign Books
  Library of Congress Classification     Non-fiction Rodriguez College Library Rodriguez College Library Reference 12/10/2018   QA 154.2 B954 1999 12/10/2018 12/10/2018 Foreign Books

University of Rizal System
Email us at univlibservices@urs.edu.ph

Visit our Website www.urs.edu.ph/library